| 000 | 00778cam a2200265 a 4500 | ||
|---|---|---|---|
| 999 |
_c200451787 _d69999 |
||
| 001 | 200451787 | ||
| 003 | TR-AnTOB | ||
| 005 | 20230208165146.0 | ||
| 007 | ta | ||
| 008 | 210816s2008 tu 000 p tur d | ||
| 040 |
_aTR-AnU _beng _erda _cTR-AnTOB _dTR-AnTOB |
||
| 041 | 0 | _atur | |
| 050 | 1 | 4 |
_aPL248.K63363 _bG655 2010 |
| 090 |
_aPL248.K63363 _bG655 2010 |
||
| 100 | 1 |
_aKocamaz, Burhanettin _eauthor _9140364 |
|
| 245 | 1 | 0 |
_aGönlümden taşanlar / _cBurhanettin Kocamaz. |
| 264 | 1 |
_aAnkara : _bHB Group, _c2010. |
|
| 300 |
_a189 pages ; _c21 cm |
||
| 336 |
_atext _btxt _2rdacontent |
||
| 337 |
_aunmediated _bn _2rdamedia |
||
| 338 |
_avolume _bnc _2rdacarrier |
||
| 650 | 7 |
_aTürk şiiri _2etuturkob _984273 |
|
| 942 |
_2lcc _cBK |
||